| 000 | 00805nam a2200205Ii 4500 | ||
|---|---|---|---|
| 003 | JO-AjNU | ||
| 008 | 230605s9999||||xx |||||||||||||| ||und|| | ||
| 040 |
_aJO-AjNU _bara _erda _cJO-AjNU |
||
| 041 | _aara | ||
| 050 | 1 | 4 | _aHQ1729 1985 |
| 100 | 3 |
_aتأليف: نمر، كمال كامل عبدالحميد, _eauthor _98145 |
|
| 245 | 0 | 0 | _aدور الجمعيات النسائية في مكافحة الامية |
| 250 | _aط1 | ||
| 264 | 3 | 1 | _aعمان: مؤسسة الشرق للعلاقات العامة والنشر والترجمة، 1985 |
| 300 |
_a230ص _bيحتوي ببلوغرافية |
||
| 336 |
_atext _btxt _2rdacontent |
||
| 337 |
_aunmediated _bn _2rdamedia |
||
| 338 |
_avolume _bnc _2rdacarrier |
||
| 650 | 4 |
_aمحو الامية - تعليم المرأة - جمعيات - الاردن _98146 |
|
| 999 |
_aA640 _c4208 _d4208 |
||